Biblioteca

Smart : Diccionario Interactivo Océano Español - Inglés / Océano Multimedia (Registro nro. 42551)

Detalles MARC
000 -LÍDER
Campo fijo de descripción fija 003640000a22001330004500
020 ## - NÚMERO INTERNACIONAL NORMALIZADO PARA LIBROS
Número Internacional Normalizado del libro 84-494-1536-5
001 - NÚMERO DE CONTROL
Campo de control 13594
245 10 - TÍTULO
Título del Material Smart : Diccionario Interactivo Océano Español - Inglés / Océano Multimedia
336 ## - CONTENT TYPE
Content type term texto
Content type code txt
Source rdacontent
337 ## - MEDIA TYPE
Source rdamedia
Media type term sin mediación
Media type code n
338 ## - CARRIER TYPE
Source rdacarrier
Carrier type term volumen
Carrier type code nc
942 ## - TIPO DE MATERIAL (KOHA)
Tipo de Item KOHA Libros General
Existencias
Estado de Material Estado de Perdido Estado de Dañado No para Préstamo Colección Tomo Biblioteca de Origen Biblioteca Permanente Fecha de Adquisición Total de Préstamos Signatura Topográfica Código de Barras Última vez visto Ejemplar/Existencia Fecha de Remplazo Tipo de Material
        Colección Audiovisual   Biblioteca FUSBC Biblioteca FUSBC 06/03/2006   15511 12/12/2019 Ej. 1 26/01/2016 CD

Biblioteca FUSBC | Teléfono: (57+4) 349 88 10 Ext. 141| WhatsApp (+57) 3005338115 
E-mail: biblioteca@unisbc.edu.co | Calle 76 87-14 Robledo Palenque, Medellín, Colombia

Con tecnología Koha